Integrácia nových členských krajín do Spoločnej poľnohospodárskej politiky Európskej únie

Nové členské krajiny sa po svojom vstupe do Európskej únie v roku 2004 resp. 2007 stali súčasťou Spoločnej poľnohospodárskej politiky Európskej únie (SPP EÚ). V rámci Spoločnej poľnohospodárskej politiky mal tento akt pre všetky členské krajiny svoje pozitíva a negatíva. Pri vytváraní budúcej reform...

Descripción completa

Guardado en:
Detalles Bibliográficos
Autor principal: Harakaľová, Ľubica, 1963-
Formato: Capítulo de libro
Lenguaje:eslovaco
Materias:
Etiquetas: Agregar Etiqueta
Sin Etiquetas, Sea el primero en etiquetar este registro!

MARC

LEADER 00000nla a2200000 4500
001 0159652
005 20220819071007.7
041 0 |a slo 
044 |a SK 
245 1 0 |a Integrácia nových členských krajín do Spoločnej poľnohospodárskej politiky Európskej únie  |c Ľubica Harakaľová 
520 |a Nové členské krajiny sa po svojom vstupe do Európskej únie v roku 2004 resp. 2007 stali súčasťou Spoločnej poľnohospodárskej politiky Európskej únie (SPP EÚ). V rámci Spoločnej poľnohospodárskej politiky mal tento akt pre všetky členské krajiny svoje pozitíva a negatíva. Pri vytváraní budúcej reformovanej SPP EÚ na budúce obdobie pre roky 2014 – 2020 sa zdôrazňuje najmä problematika priamych platieb a odstránenie diskriminačného postavenia nových členských krajín pri ich stanovení. 
610 2 0 |a poľnohospodárstvo 
610 2 0 |a politika poľnohospodárska 
610 2 0 |a Európska únia 
610 2 0 |a reformy 
610 2 0 |a platby hladké 
100 1 |a Harakaľová, Ľubica, 1963-